Contract farming : (Record no. 14109)
[ view plain ]
| 000 -LEADER | |
|---|---|
| fixed length control field | 00549cam a22001817a 4500 |
| 020 ## - INTERNATIONAL STANDARD BOOK NUMBER | |
| ISBN | 9251045933 |
| 040 ## - CATALOGING SOURCE | |
| Transcribing agency | FQG |
| 082 ## - DEWEY DECIMAL CLASSIFICATION NUMBER | |
| Classification number | 338 FOO 2001 A064 Or. |
| 100 1# - MAIN ENTRY--AUTHOR NAME | |
| Personal name | Eaton, Charles, |
| 245 10 - TITLE STATEMENT | |
| Title | Contract farming : |
| Remainder of title | partnerships for growth / |
| 260 ## - PUBLICATION, DISTRIBUTION, ETC. (IMPRINT) | |
| Place of publication | Rome : |
| Name of publisher | Food and Agriculture Organization of the United Nations, |
| Year of publication | c2001. |
| 300 ## - PHYSICAL DESCRIPTION | |
| Number of Pages | ix, 166 p. : |
| Other physical details | ill. ; |
| Dimensions | 23 cm. |
| 500 ## - GENERAL NOTE | |
| General note | "TC/M/Y0937E/1/6.01/1500"--P. [4] of cover. |
| 650 #0 - SUBJECT ADDED ENTRY--TOPICAL TERM | |
| Topical Term | Agricultural contracts. |
| 650 #0 - SUBJECT ADDED ENTRY--TOPICAL TERM | |
| Topical Term | Agriculture |
| 700 1# - ADDED ENTRY--PERSONAL NAME | |
| Personal name | Shepherd, Andrew. |
| 942 ## - ADDED ENTRY ELEMENTS (KOHA) | |
| Koha item type | សៀវភៅភាសាអង់គ្លេស |
| 952 ## - LOCATION AND ITEM INFORMATION (KOHA) | |
| Withdrawn status [LOCAL, KOHA] | 0 |
| Permanent Location | Date acquired | Koha item type | Lost status | Shelving location | Barcode | Current Location | Full call number |
|---|---|---|---|---|---|---|---|
| Library Block A | 2017-10-06 | សៀវភៅភាសាអង់គ្លេស | A064 | RUA059919 | Library Block A | 338 FOO 2001 A064 Or. |